|
|
|
|
| LEADER |
00000cam a2200000 a 4500 |
| 001 |
11713 |
| 003 |
CZ-ZlUTB |
| 005 |
20190825232803.0 |
| 008 |
950218s1973 xxkd fr 001 0 eng d |
| 040 |
|
|
|a ZLD002
|b cze
|c ZLD002
|d ZLD002
|
| 072 |
|
7 |
|a 678
|x Průmysl makromolekulárních látek. Gumárenský průmysl. Průmysl plastů
|2 Konspekt
|9 19
|
| 080 |
|
|
|a 666.1/.2
|2 MRF
|
| 080 |
|
|
|a 620.2-039:678.7
|2 MRF
|
| 080 |
|
|
|a 666.189.21
|2 MRF
|
| 080 |
|
|
|a 678.7/.8
|2 MRF
|
| 080 |
|
|
|a 539.199
|2 MRF
|
| 080 |
|
|
|a (048.8:082)
|2 MRF
|
| 245 |
0 |
4 |
|a The physics of glassy polymers /
|c edited by R. N. Howard
|
| 260 |
|
|
|a London :
|b Applied Science Publ.,
|c 1973
|
| 300 |
|
|
|a xv, 620 s. :
|b grafy ;
|c 23 cm
|
| 490 |
1 |
|
|a Materials science series
|
| 650 |
0 |
7 |
|a sklo
|7 ph125588
|2 czenas
|
| 650 |
0 |
7 |
|a polymerní kompozitní materiály
|7 ph210239
|2 czenas
|
| 650 |
0 |
7 |
|a skleněná vlákna
|7 ph172850
|2 czenas
|
| 650 |
0 |
7 |
|a polymery
|7 ph124310
|2 czenas
|
| 650 |
0 |
7 |
|a fyzika polymerů
|7 ph220675
|2 czenas
|
| 650 |
0 |
9 |
|a glass
|2 eczenas
|
| 650 |
0 |
9 |
|a polymer composite materials
|2 eczenas
|
| 650 |
0 |
9 |
|a glass fibres
|2 eczenas
|
| 650 |
0 |
9 |
|a polymers
|2 eczenas
|
| 650 |
0 |
9 |
|a physics of polymers
|2 eczenas
|
| 655 |
|
7 |
|a kolektivní monografie
|7 fd501537
|2 czenas
|
| 655 |
|
9 |
|a collective monographs
|2 eczenas
|
| 700 |
1 |
|
|a Haward, Robert Nobbs,
|d 1914-
|7 utb2009546562
|4 edt
|
| 830 |
|
0 |
|a Materials science series
|
| 910 |
|
|
|a ZLD002
|
| 952 |
|
|
|0 0
|1 0
|4 0
|6 6785PHYSICS
|7 0
|8 BOOK
|9 20350
|a UTBZL
|b UTBZL
|c 015
|d 2006-07-29
|i 53526
|l 1
|m 1
|o 678.5/PHYSICS
|p 420010025753
|q 2028-11-30
|r 2019-08-25 00:00:00
|w 2019-08-25
|x opravit signaturu | 20100930
|y 08
|
| 952 |
|
|
|0 0
|1 0
|4 0
|6 678PHYSICS
|7 0
|8 BOOK
|9 20351
|a UTBZL
|b UTBZL
|c 030
|d 2010-06-17
|l 1
|o 678/PHYSICS
|p 420010132794
|r 2019-08-25 00:00:00
|v 745.00
|w 2019-08-25
|x N:převod-SPUR; | 20100831
|y 05
|
| 990 |
|
|
|a SPUR
|
| 992 |
|
|
|a BK
|b SK
|c SPUR
|d 2
|
| 999 |
|
|
|c 11713
|d 11713
|